00465nam a22001697a 4500999001900000005001700019010001300036020002600049035001300075037002700088082001000115100001800125245004400143260004400187300004000231942002400271 c163973d16397320190507172518.0 aB-593934 a9789380674261c310.00 aB-593934 bSun India Publications a658.8 aChhabra, T.N. aPrinciples of marketing /cT.N. Chhabra aNew DelhibSun India Publicationsc2014 aA-26 (it include index)c24cm (hbk) 2ddccENh658.8mCHH